003880000a22001210004500090001700000245008200017041001400099700003300113100002600146942001300172773006400185999001700249 aAsbSeriadas10aNew synonymy in the genus Agriocleptes (Heteroptera: Reduviidae: Apiomerinae)0 aEspañol1 aGiacchi, Juan Carlos91000731 aForero, Dimitri94404 cARTICULO1 tRevista Colombiana de Entomologíah3-4q205-206d2001g27 c15852d15852